Normal view
MARC view
- Zafar, Hadia
Entry Personal Name
001 - CONTROL NUMBER
- control field: 16595
003 - CONTROL NUMBER IDENTIFIER
- control field: NUST
005 - DATE AND TIME OF LATEST TRANSACTION
- control field: 20190703114519.0
008 - FIXED-LENGTH DATA ELEMENTS
- fixed length control field: 190703|| aca||aabn | a|a d
040 ## - CATALOGING SOURCE
- Original cataloging agency: NUST
- Transcribing agency: NUST
100 ## - HEADING--PERSONAL NAME
- Personal name: Zafar, Hadia
670 ## - SOURCE DATA FOUND
- Source citation: Work cat.: (NUST): Zafar, Hadia, Synthesis of Modified PVA Derivatives Containing Silver Nano-particles for Wound Healing Applications /, 2018.
